000 00959nam a22003017a 4500
001 BR7301066
003 BR-BrBNA
005 20230928083851.0
007 ta
008 230509b bl.||||| |||| 00| 0 por d
040 _aBR-BrBNA
_bpor
_cBiblioteca Nacional de Agricultura
041 _a(Por)
072 _aF25; F60
_b2120
090 _ 2120 BR7301066
100 1 _aSouza, V.H.S.
110 1 _aUniversidade Federal de Vicosa, MG (Brasil)
_0Tese (Magister Scientiae)
245 1 _aVariacoes no teor de alguns elementos minerais nas folhas e frutos de cafe (Coffea arabica L. var. Mundo novo)
260 3 _aVicosa, MG (Brasil):
_c1972.
300 _a43 p.
500 _a22 ref.; Summary (Por). (*) Documento disponível na(o) Instituto Brasileiro do Cafe, Rio de Janeiro, RJ
650 _aCAFE
650 _aFOLHA
650 _aFRUTO
650 _aANALISE QUIMICA
650 _aMINERAL
909 _a202309
_bLucia
_c55
_dLucia Elande
942 _cBK
999 _c15594
_d15594